Statistics for Movies That Were Released in January 2016

Click here to take the quiz!

General Stats

  • This quiz has been taken 3 times
  • The average score is 3 of 52

Answer Stats

Theaters/DVDRelease DateGenreLive Action/AnimatedMovie% Correct
Theaters22Psychological HorrorLive ActionThe Boy
67%
DVD5Found Footage/HorrorLive ActionThe Visit
67%
Theaters15Biographical WarLive Action13 Hours: The Secret Soldiers of Benghazi
33%
Theaters22ComedyLive ActionDirty Grandpa
33%
Theaters29ComedyLive ActionFifty Shades of Black
33%
Theaters15Comedy/AdventureAnimatedNorm of the North
33%
Theaters15Action/ComedyLive ActionRide Along 2
33%
Theaters8Supernatural HorrorLive ActionThe Forest
33%
DVD26DramaLive ActionA Brilliant Young Mind
0%
DVD5AdventureAnimatedAladdin and the King of Thieves
0%
DVD19DramaLive ActionAmerican Gigolo
0%
DVD12Road/Family/ComedyLive ActionAre We There Yet?
0%
DVD5Comedy/DramaLive ActionAshby
0%
Theaters16Chinese Adventure/ComedyAnimatedBoonie Bears II
0%
DVD26DramaLive ActionBurnt
0%
DVD5Crime/DramaLive ActionCaptive
0%
DVD5Action/ThrillerLive ActionClose Range
0%
DVD19Biographical/Disaster/Survival/DramaLive ActionEverest
0%
DVD5Biographical DramaLive ActionExperimenter
0%
DVD26Fantasy/Horror/ComedyLive ActionGoosebumps
0%
DVD5Stop-Motion/Adult/Fantasy/ComedyAnimatedHell and Back
0%
DVD12Fantasy/ComedyAnimatedHotel Transylvania 2
0%
DVD5ComedyLive ActionInfinitely Polar Bear
0%
DVD12Mystery/DramaLive ActionIrrational Man
0%
Theaters29Action/WesternLive ActionJane Got a Gun
0%
DVD19Musical/Fantasy/DramaLive ActionJem and the Holograms
0%
DVD26MysteryLive ActionJesse Stone: Lost in Paradise
0%
DVD5ComedyLive ActionJoe Dirt 2: Beautiful Loser
0%
Theaters29Action/Comedy/Martial ArtsAnimatedKung Fu Panda 3
0%
DVD19ComedyLive ActionLearning to Drive
0%
DVD12Found Footage/Supernatural/HorrorLive ActionParanormal Activity: The Ghost Dimension
0%
Theaters1Italian ComedyLive ActionQuo Vado?
0%
DVD19French Comedy/DramaLive ActionSamba
0%
DVD5Horror/ComedyLive ActionScouts Guide to the Zombie Apocalypse
0%
DVD5Crime/Thriller/DramaLive ActionSicario
0%
DVD12Supernatural/HorrorLive ActionSinister 2
0%
DVD5Romantic ComedyLive ActionSleeping with Other People
0%
DVD19DramaLive ActionStonewall
0%
DVD19Biographical/DramaLive ActionStraight Outta Compton
0%
Theaters22Science Fiction ThrillerLive ActionThe 5th Wave
0%
DVD19ActionLive ActionThe Condemned 2
0%
DVD19Coming-of-Age/DramaLive ActionThe Diary of a Teenage Girl
0%
Theaters29Disaster Drama-ThrillerLive ActionThe Finest Hours
0%
DVD5Splatter/Cannibal/HorrorLive ActionThe Green Inferno
0%
DVD19Comic/Science FictionLive ActionThe Ice Pirates
0%
DVD19ComedyLive ActionThe Intern
0%
DVD12Science FictionLive ActionThe Martian
0%
Theaters8Biographical DramaLive ActionThe Masked Saint
0%
DVD5AdventureAnimatedThe Return of Jafar
0%
DVD12Brazilian DramaLive ActionThe Second Mother
0%
DVD12ThrillerLive ActionThe Stanford Prison Experiment
0%
DVD5Biographical DramaLive ActionThe Walk
0%

Score Distribution

Percentile by Number Answered

Percent of People with Each Score

Your Score History

You have not taken this quiz